| 000 | 00341nam a2200133Ia 4500 | ||
|---|---|---|---|
| 008 | 240624s9999 xx 000 0 und d | ||
| 041 | _aeng | ||
| 082 | _a658.402 PUT | ||
| 100 | _aPUTZIER JOHN | ||
| 245 | _aGET WEIRD 101 INNOVATIVE WAYS TO MAKE YO | ||
| 260 |
_c2001 _aNew Delhi _bAmacom |
||
| 300 | _axiii, 188 p.; 23 cm. | ||
| 365 |
_c _b30 |
||
| 999 |
_c29801 _d29801 |
||